Economic Analysis of Agricultural Projects: (Record no. 1240)

MARC details
000 -LEADER
fixed length control field 00537nam a22001817a 4500
003 - CONTROL NUMBER IDENTIFIER
control field OSt
005 - DATE AND TIME OF LATEST TRANSACTION
control field 20240517071422.0
008 - FIXED-LENGTH DATA ELEMENTS--GENERAL INFORMATION
fixed length control field 240517b |||||||| |||| 00| 0 eng d
040 ## - CATALOGING SOURCE
Original cataloging agency KMU
Language of cataloging eng
Transcribing agency KMU
Modifying agency KMU
Description conventions RDA
050 ## - LIBRARY OF CONGRESS CALL NUMBER
Classification number S523
100 ## - MAIN ENTRY--PERSONAL NAME
Personal name Gittinger Price J.
245 ## - TITLE STATEMENT
Title Economic Analysis of Agricultural Projects:
Remainder of title Revised/
Statement of responsibility, etc. J. Price Gittinger.
260 ## - PUBLICATION, DISTRIBUTION, ETC.
Name of publisher, distributor, etc. International Bank for Reconstruction and Development:
Date of publication, distribution, etc. 1979.
300 ## - PHYSICAL DESCRIPTION
Dimensions 28 cm.
650 ## - SUBJECT ADDED ENTRY--TOPICAL TERM
Topical term or geographic name entry element Economic Analysis
650 ## - SUBJECT ADDED ENTRY--TOPICAL TERM
Topical term or geographic name entry element Economic Agriculture
942 ## - ADDED ENTRY ELEMENTS (KOHA)
Source of classification or shelving scheme Library of Congress Classification
Koha item type Non-Fiction
Suppress in OPAC No
Holdings
Withdrawn status Lost status Source of classification or shelving scheme Damaged status Not for loan Collection Home library Current library Shelving location Date acquired Source of acquisition Total Checkouts Full call number Barcode Date last seen Price effective from Koha item type
    Library of Congress Classification     Non-fiction Kapasa Makasa University Kapasa Makasa University Open Access 17.05.2024 CBU   S523 Git 733683 17.05.2024 17.05.2024 Non-Fiction